000 00585nam a2200205Ia 4500
005 20250508150731.0
008 008 250505s9999 xx 000 0 eng d
037 _aTextual
040 _aFEDL
_beng
_cFEDL
041 _aeng
_2eng
084 _a370.1, LIV
_qFEDL
100 _aLivingstone R. W.
245 0 _aLeadership in education
260 _aLondon, UK
_bOxford University Press
_c1950
300 _a25p.
546 _aWalker trust lectures on leadership No. X
650 _aEducation - Philosophy
942 _cTEXL
_h370.1, LIV
999 _c1325348
_d1325348